000 00727nam a2200181Ia 4500
003 GCL
008 140319s9999 xx 000 0 ara d
040 _aGCL /
_cGCL
082 0 4 _a842.043
_bس ش
100 1 _aسارتر ، جان بول
245 1 0 _aالشيطان والاله الطيب: مسرحية من ثلاثة فصول واحدى عشرة لوحة(هدية من الاديب عبدالفتاح الجمل) /
_cسارتر ، جان بول
700 1 _aغياث حجار(ترجمة)
300 _a208 ص
490 _aالهيئة العامة للاستعلامات
_v0
650 0 4 _aالادب الفرنسى المترجم
650 0 4 _aالمسرحيات الفرنسية المترجمة
942 _2ddc
_cBK
999 _c47248
_d47248